[Event "European zonal D"]
[Site "Pula CRO"]
[Date "1975.10.31"]
[Round "7"]
[White "Barle, Janez"]
[Black "Knaak, Rainer"]
[Result "1-0"]
[WhiteElo "2330"]
[BlackElo "2510"]
[EventDate "1975.10.22"]
[PlyCount "123"]

1.e4 Nc6 2.d4 d5 3.Nc3 dxe4 4.d5 Ne5 5.Qd4 Ng6 6.Qxe4 Nf6 7.Qa4+ Bd7 8.Bb5
a6 9.Bxd7+ Qxd7 10.Qxd7+ Nxd7 11.Nf3 Rd8 12.Be3 Nde5 13.Nxe5 Nxe5 14.O-O-O
Nc4 15.Bf4 Nd6 16.Rhe1 g6 17.Ne4 Nxe4 18.Rxe4 Kd7 19.c4 Bg7 20.c5 Rhe8 21.
c6+ bxc6 22.Rc4 c5 23.Rxc5 Rc8 24.Rd2 Red8 25.Rdc2 Bd4 26.Rxc7+ Rxc7 27.
Rxc7+ Ke8 28.d6 exd6 29.f3 Rb8 30.b3 Rb6 31.Kd2 a5 32.Kd3 Bc5 33.Bd2 a4 
34.Kc4 axb3 35.axb3 Bg1 36.h3 d5+ 37.Kc3 Rb5 38.b4 h5 39.Kb3 Rb8 40.Bg5 
Bb6 41.Re7+ Kf8 42.Rd7 d4 43.Bf6 Ke8 44.Rd5 d3 45.Rxd3 Bc5 46.b5 Bb6 47.
Rd5 Bc7 48.Be5 Bxe5 49.Rxe5+ Kd7 50.Rc5 Re8 51.Rc2 Re1 52.Kb4 Rb1+ 53.Ka5 
g5 54.b6 f5 55.Ka6 Rb3 56.b7 g4 57.hxg4 fxg4 58.fxg4 hxg4 59.Ka7 Ra3+ 60.
Kb8 g3 61.Rd2+ Ke6 62.Kc8 1-0

[Event "European zonal D"]
[Site "Pula CRO"]
[Date "1975.10.31"]
[Round "7"]
[White "Hazai, Laszlo"]
[Black "Hug, Werner"]
[Result "1/2-1/2"]
[WhiteElo "2420"]
[BlackElo "2420"]
[EventDate "1975.10.22"]
[PlyCount "23"]

1.e4 e6 2.d3 d5 3.Nd2 Nf6 4.Ngf3 b6 5.g3 dxe4 6.dxe4 Bb7 7.Qe2 Nc6 8.c3 a5
9.Bg2 e5 10.O-O Ba6 11.Nc4 Bc5 12.b3 1/2-1/2

[Event "European zonal D"]
[Site "Pula CRO"]
[Date "1975.10.31"]
[Round "7"]
[White "Pritchett, Craig William"]
[Black "Stull, Norbert"]
[Result "1-0"]
[WhiteElo "2390"]
[BlackElo "2260"]
[EventDate "1975.10.22"]
[PlyCount "81"]

1.e4 c5 2.Nf3 d6 3.d4 cxd4 4.Nxd4 Nf6 5.Nc3 a6 6.Be2 e5 7.Nb3 Be7 8.O-O 
Be6 9.f4 Qc7 10.Kh1 Nbd7 11.a4 O-O 12.Be3 Rfc8 13.a5 Bc4 14.Bxc4 Qxc4 15.
Ra4 Qc6 16.h3 Bd8 17.Qf3 b5 18.axb6 Bxb6 19.Rfa1 Qb7 20.Kh2 h6 21.Qe2 Bxe3
22.Qxe3 exf4 23.Qxf4 Nc5 24.Nxc5 dxc5 25.e5 Nh7 26.b3 Ng5 27.Qg3 Rd8 28.h4
Ne6 29.Ne4 Rd4 30.Nxc5 Qd5 31.Nxe6 fxe6 32.Rxa6 Rxa6 33.Rxa6 Re4 34.Ra7 
Qxe5 35.Qxe5 Rxe5 36.Rc7 Re2 37.Kg3 e5 38.b4 Kf8 39.b5 Re4 40.b6 Rb4 41.b7
1-0

[Event "European zonal D"]
[Site "Pula CRO"]
[Date "1975.10.31"]
[Round "7"]
[White "Schmidt, Wlodzimierz"]
[Black "Borngasser, Rene"]
[Result "1/2-1/2"]
[WhiteElo "2465"]
[BlackElo "2365"]
[EventDate "1975.10.22"]
[PlyCount "142"]

1.Nf3 f5 2.g3 Nf6 3.Bg2 g6 4.b3 Bg7 5.Bb2 O-O 6.d4 d6 7.c4 e5 8.dxe5 Ng4 
9.Nc3 Nxe5 10.e3 Nbc6 11.O-O Nxf3+ 12.Qxf3 Be6 13.Qe2 Qe7 14.Nd5 Bxd5 15.
Bxd5+ Kh8 16.Rac1 Nd8 17.Rfd1 c6 18.Bg2 Nf7 19.b4 Rac8 20.b5 Rfd8 21.a4 
Bxb2 22.Qxb2+ Qe5 23.Qb4 Qc5 24.Qxc5 dxc5 25.bxc6 bxc6 26.Rxd8+ Rxd8 27.
Bxc6 Ne5 28.Bd5 Rb8 29.f4 Ng4 30.e4 fxe4 31.Bxe4 Rb4 32.a5 Ra4 33.Bf3 Ne3 
34.Re1 Nxc4 35.Re8+ Kg7 36.Re7+ Kh8 37.Rxa7 Nxa5 38.Kg2 Ra1 39.Rc7 Rc1 40.
Bd5 Rc2+ 41.Kh3 Nc4 42.Be4 Rd2 43.Rxc5 Nd6 44.Bc2 Kg7 45.g4 Rd4 46.Rc7+ 
Kh8 47.Kg3 Rc4 48.Rxc4 Nxc4 49.Kf3 Nd6 50.Ke3 Kg7 51.Kd4 h6 52.Kd5 Ne8 53.
Ke6 Nf6 54.h3 Nh7 55.Be4 Nf6 56.Bf3 Nh7 57.h4 g5 58.fxg5 hxg5 59.h5 Nf6 
60.h6+ Kg6 61.h7 Nxh7 62.Be4+ Kg7 63.Bxh7 Kxh7 64.Kf5 Kh8 65.Kxg5 Kg7 66.
Kh5 Kh7 67.g5 Kg7 68.g6 Kg8 69.Kh6 Kh8 70.Kg5 Kg7 71.Kf5 Kg8 1/2-1/2

[Event "European zonal D"]
[Site "Pula CRO"]
[Date "1975.11.01"]
[Round "8"]
[White "Bellon Lopez, Juan Manuel"]
[Black "Barle, Janez"]
[Result "0-1"]
[WhiteElo "2415"]
[BlackElo "2330"]
[EventDate "1975.10.22"]
[PlyCount "60"]

1.Nf3 Nf6 2.c4 c6 3.b3 d5 4.Bb2 Bf5 5.g3 e6 6.Bg2 Nbd7 7.O-O h6 8.d3 Bc5 
9.a3 a5 10.cxd5 cxd5 11.Nc3 O-O 12.Rc1 Bh7 13.Na4 Be7 14.Nd4 Rc8 15.Rxc8 
Qxc8 16.Qd2 Qa8 17.Rc1 Qa6 18.Bh3 b5 19.Nc6 Bd6 20.Nxa5 Ne8 21.Rc6 Qa7 22.
Rxd6 Nxd6 23.Nc6 Qc7 24.Ne7+ Kh8 25.Qxh6 Ne8 26.Bxe6 fxe6 27.Qh3 Rf6 28.
Bxf6 Ndxf6 29.Ng6+ Kg8 30.Qxe6+ Qf7 0-1

[Event "European zonal D"]
[Site "Pula CRO"]
[Date "1975.11.01"]
[Round "8"]
[White "Csom, Istvan"]
[Black "Augustin, Josef"]
[Result "1-0"]
[WhiteElo "2530"]
[BlackElo "2370"]
[EventDate "1975.10.22"]
[PlyCount "79"]

1.c4 Nf6 2.g3 e6 3.Bg2 c5 4.Nf3 Nc6 5.O-O Be7 6.Nc3 O-O 7.d4 cxd4 8.Nxd4 
a6 9.b3 Qc7 10.Bb2 d6 11.Rc1 Nxd4 12.Qxd4 Bd7 13.Rfd1 Rfd8 14.h3 Be8 15.a4
Rab8 16.Ba3 b6 17.Rd3 Bf8 18.Qf4 Rbc8 19.Qd2 Qb8 20.Rd1 b5 21.Bxd6 Bxd6 
22.Rxd6 Rxd6 23.Qxd6 bxa4 24.Nxa4 Qxb3 25.Nb6 Rc5 26.Rd3 Qb4 27.Kh2 h5 28.
Rb3 Qxb3 29.Qxc5 Qc3 30.Nc8 a5 31.Nd6 Qb4 32.Qc7 Bd7 33.Qd8+ Kh7 34.Nxf7 
Qc5 35.f4 Bc6 36.Qh8+ Kg6 37.Ne5+ Kf5 38.Nxc6 Ne4 39.Qh7+ g6 40.Qf7+ 1-0

[Event "European zonal D"]
[Site "Pula CRO"]
[Date "1975.11.01"]
[Round "8"]
[White "Hug, Werner"]
[Black "Schmidt, Wlodzimierz"]
[Result "1/2-1/2"]
[WhiteElo "2420"]
[BlackElo "2465"]
[EventDate "1975.10.22"]
[PlyCount "28"]

1.e4 Nf6 2.e5 Nd5 3.Nc3 Nxc3 4.dxc3 d6 5.Nf3 Nc6 6.Bb5 Bd7 7.Qe2 a6 8.Bc4 
e6 9.Bf4 dxe5 10.Nxe5 Bd6 11.Bg3 Nxe5 12.Bxe5 Bxe5 13.Qxe5 Qf6 14.Qxf6 
gxf6 1/2-1/2

[Event "European zonal D"]
[Site "Pula CRO"]
[Date "1975.11.01"]
[Round "8"]
[White "Knaak, Rainer"]
[Black "Pritchett, Craig William"]
[Result "1/2-1/2"]
[WhiteElo "2510"]
[BlackElo "2390"]
[EventDate "1975.10.22"]
[PlyCount "129"]

1.d4 Nf6 2.c4 e6 3.Nc3 c5 4.d5 exd5 5.cxd5 d6 6.e4 g6 7.Bd3 Bg7 8.Nge2 O-O
9.O-O b6 10.a4 Na6 11.Bg5 Nb4 12.Bb1 h6 13.Bf4 Nh5 14.Be3 a6 15.Qd2 Kh7 
16.f4 f5 17.e5 dxe5 18.fxe5 Bb7 19.d6 Bxe5 20.Bxh6 Rf6 21.d7 Rd6 22.Qe3 
Qxd7 23.Bg5 Re8 24.Qh3 Nd3 25.Ba2 Kg7 26.Rad1 Bf6 27.Bxf6+ Nxf6 28.Qg3 Ne4
29.Nxe4 Rxe4 30.Nc1 f4 31.Qh3 Qxh3 32.gxh3 c4 33.Bxc4 Rxc4 34.Nxd3 Rxa4 
35.Nxf4 Rxd1 36.Ne6+ Kh6 37.Rxd1 Bc8 38.Nd4 Ra5 39.Kf2 Re5 40.h4 Re4 41.
Nf3 Bg4 42.Ng5 Re2+ 43.Kg3 Rg2+ 44.Kxg2 Bxd1 45.Ne6 a5 46.Kf2 Bc2 47.Nf4 
b5 48.Ke3 b4 49.Kd4 a4 50.Kc4 a3 51.bxa3 bxa3 52.Kc3 Bd1 53.Nd3 Kh5 54.
Nf4+ Kh6 55.Nd3 Kg7 56.Ne5 Kf6 57.Nc4 a2 58.Kb2 Bb3 59.Nd2 Bg8 60.Ne4+ Ke5
61.Ng3 Kf4 62.Ka1 Kf3 63.Kb2 Bc4 64.h5 gxh5 65.Nxh5 1/2-1/2

[Event "European zonal D"]
[Site "Pula CRO"]
[Date "1975.11.01"]
[Round "8"]
[White "Stull, Norbert"]
[Black "Urzica, Aurel"]
[Result "0-1"]
[WhiteElo "2260"]
[BlackElo "2250"]
[EventDate "1975.10.22"]
[PlyCount "134"]

1.c4 Nf6 2.g3 e6 3.Bg2 d5 4.Nf3 Be7 5.O-O O-O 6.d4 Nbd7 7.b3 b6 8.Bb2 Bb7 
9.Nbd2 c5 10.e3 Rc8 11.Rc1 Rc7 12.Ne5 Qa8 13.Qe2 cxd4 14.exd4 dxc4 15.Bxb7
Qxb7 16.bxc4 Nxe5 17.dxe5 Nd7 18.Ne4 Nc5 19.Nd6 Bxd6 20.exd6 Rd7 21.Rcd1 
Qc6 22.Rfe1 f6 23.Ba3 Re8 24.Qh5 g6 25.Qh4 Kg7 26.Qd4 e5 27.Qd5 Qxd5 28.
Rxd5 Ne6 29.c5 bxc5 30.Bxc5 Rc8 31.Be3 g5 32.Red1 Rc6 33.a4 Kf7 34.Ra5 a6 
35.Rad5 Nd8 36.f4 gxf4 37.gxf4 Ke6 38.fxe5 fxe5 39.Bc5 Nb7 40.Ba3 Rc2 41.
R5d3 Na5 42.Rh3 Nc6 43.Rh6+ Kf5 44.Rf1+ Ke4 45.Re6 Ra2 46.Bc5 Rg7+ 47.Kh1 
Kd5 48.Re7 Rgg2 49.Bg1 Kxd6 50.Rxh7 Rgd2 51.Rh6+ Kd5 52.Rc1 Nd4 53.Rxa6 
Nf3 54.Rh6 Rxa4 55.Rh8 Ke4 56.Rb1 Rc2 57.Rh5 Rac4 58.Rh8 Rc1 59.Rxc1 Rxc1 
60.Rg8 Kd5 61.Rd8+ Ke6 62.Kg2 Nxg1 63.h4 Ne2 64.Kf3 Nd4+ 65.Kg4 Rg1+ 66.
Kh5 Nf5 67.Re8+ Ne7 0-1

[Event "European zonal D"]
[Site "Pula CRO"]
[Date "1975.11.02"]
[Round "9"]
[White "Borngasser, Rene"]
[Black "Hug, Werner"]
[Result "1/2-1/2"]
[WhiteElo "2365"]
[BlackElo "2420"]
[EventDate "1975.10.22"]
[PlyCount "73"]

1.e4 e6 2.d4 d5 3.Nc3 Nc6 4.Be3 dxe4 5.Nxe4 Qd5 6.Ng3 e5 7.dxe5 Qxe5 8.Qe2
Be6 9.c3 O-O-O 10.Nf3 Qd5 11.Qc2 Bc5 12.Bxc5 Qxc5 13.Be2 Nf6 14.O-O h5 15.
h4 Nd4 16.Qa4 Nxe2+ 17.Nxe2 Bg4 18.Ned4 Bxf3 19.Nxf3 Rhe8 20.Rae1 a6 21.
Rxe8 Rxe8 22.Re1 Rxe1+ 23.Nxe1 Qe7 24.Kf1 Ng4 25.Qf4 Kb8 26.g3 f6 27.Nd3 
Qd7 28.Qd4 Qc6 29.Qd8+ Ka7 30.Qd4+ b6 31.Qf4 g5 32.hxg5 fxg5 33.Qf5 Qc4 
34.Ke2 Qg8 35.Kd2 Qxa2 36.Qxg5 Qf7 37.Qf4 1/2-1/2

[Event "European zonal D"]
[Site "Pula CRO"]
[Date "1975.11.02"]
[Round "9"]
[White "Bukic, Enver"]
[Black "Csom, Istvan"]
[Result "1/2-1/2"]
[WhiteElo "2455"]
[BlackElo "2530"]
[EventDate "1975.10.22"]
[PlyCount "36"]

1.Nf3 Nf6 2.c4 e6 3.g3 d5 4.Bg2 Be7 5.O-O O-O 6.d4 dxc4 7.Ne5 c5 8.dxc5 
Bxc5 9.Nc3 Qe7 10.Qa4 a6 11.Qxc4 b5 12.Qh4 Bb7 13.Bg5 Bxg2 14.Ng4 Nbd7 15.
Kxg2 h6 16.Nxf6+ Nxf6 17.Bxf6 Qxf6 18.Qxf6 gxf6 1/2-1/2

[Event "European zonal D"]
[Site "Pula CRO"]
[Date "1975.11.02"]
[Round "9"]
[White "Hazai, Laszlo"]
[Black "Stull, Norbert"]
[Result "1/2-1/2"]
[WhiteElo "2420"]
[BlackElo "2260"]
[EventDate "1975.10.22"]
[PlyCount "51"]

1.e4 c5 2.Nf3 e6 3.d3 Nc6 4.g3 d5 5.Nbd2 Bd6 6.Bg2 Nge7 7.O-O O-O 8.Nh4 d4
9.f4 e5 10.f5 g5 11.f6 gxh4 12.Qh5 Kh8 13.Nf3 Rg8 14.Bh6 Rg6 15.Ng5 Rxg5 
16.Qxg5 Ng6 17.Bg7+ Kg8 18.gxh4 Bf8 19.Bxf8 Kxf8 20.h5 Nf4 21.Qg7+ Ke8 22.
Qg8+ Kd7 23.Qxf7+ Kd6 24.Rxf4 Be6 25.Qxh7 exf4 26.Qh6 1/2-1/2

[Event "European zonal D"]
[Site "Pula CRO"]
[Date "1975.11.02"]
[Round "9"]
[White "Pritchett, Craig William"]
[Black "Bellon Lopez, Juan Manuel"]
[Result "1/2-1/2"]
[WhiteElo "2390"]
[BlackElo "2415"]
[EventDate "1975.10.22"]
[PlyCount "89"]

1.e4 c5 2.Nf3 Nc6 3.d4 cxd4 4.Nxd4 g6 5.Nc3 Bg7 6.Be3 Nf6 7.Bc4 Qa5 8.O-O 
O-O 9.Bb3 d6 10.h3 Bd7 11.Qd3 Nxd4 12.Bxd4 Bc6 13.Nd5 Rfe8 14.Bc3 Qd8 15.
Nxf6+ Bxf6 16.Bxf6 exf6 17.Rad1 Rxe4 18.Qxd6 Qxd6 19.Rxd6 Kg7 20.Rfd1 Rae8
21.R6d2 Re1+ 22.Rxe1 Rxe1+ 23.Kh2 f5 24.Kg3 Rb1 25.c3 f4+ 26.Kxf4 Bxg2 27.
Rd7 Bc6 28.Rxf7+ Kh6 29.Rc7 Rxb2 30.Ke3 g5 31.Bg8 Kg6 32.Bxh7+ Kf6 33.Bg8 
Rc2 34.Kd3 Rb2 35.Bb3 Kg6 36.Ke3 a5 37.Bc4 Bg2 38.Bb3 b5 39.Ra7 a4 40.Ra6+
Kg7 41.Be6 Bf1 42.Rc6 Re2+ 43.Kf3 Rc2 44.a3 Bc4 45.Bxc4 1/2-1/2

[Event "European zonal D"]
[Site "Pula CRO"]
[Date "1975.11.02"]
[Round "9"]
[White "Schmidt, Wlodzimierz"]
[Black "Padevsky, Nikola"]
[Result "1/2-1/2"]
[WhiteElo "2465"]
[BlackElo "2480"]
[EventDate "1975.10.22"]
[PlyCount "35"]

1.Nf3 g6 2.c4 Bg7 3.d4 d6 4.Nc3 Bg4 5.e3 Nc6 6.Be2 Nf6 7.O-O O-O 8.h3 Bxf3
9.Bxf3 Nd7 10.b3 e5 11.Bxc6 bxc6 12.dxe5 Bxe5 13.Bb2 Nc5 14.Qc2 a5 15.Rab1
Qe7 16.Ne2 Bxb2 17.Rxb2 Ne4 18.Nd4 1/2-1/2

[Event "European zonal D"]
[Site "Pula CRO"]
[Date "1975.11.04"]
[Round "10"]
[White "Augustin, Josef"]
[Black "Bukic, Enver"]
[Result "1-0"]
[WhiteElo "2370"]
[BlackElo "2455"]
[EventDate "1975.10.22"]
[PlyCount "123"]

1.c4 g6 2.g3 Bg7 3.Bg2 d6 4.Nc3 e5 5.e3 Ne7 6.Nge2 O-O 7.O-O Nbc6 8.d3 Be6
9.Nd5 Qd7 10.Rb1 Nd8 11.b4 Nc8 12.b5 c6 13.bxc6 bxc6 14.Ndc3 Bh3 15.Bxh3 
Qxh3 16.Qa4 Qd7 17.Ba3 Qc7 18.Qa6 f5 19.e4 f4 20.f3 fxg3 21.hxg3 Bh6 22.
Kg2 Rf7 23.d4 Be3 24.d5 c5 25.Rb3 Bd2 26.Rfb1 h5 27.Bc1 Bxc1 28.Nxc1 Kg7 
29.Nd3 Qe7 30.Nf2 Qf6 31.Ne2 Nb6 32.Ng1 Nd7 33.Qa5 g5 34.Qd2 Kg6 35.Ra3 
Qe7 36.Nd1 Rb8 37.Rxb8 Nxb8 38.Ne3 Rf6 39.Nf5 Qc7 40.Nh3 Nf7 41.Qa5 Qxa5 
42.Rxa5 a6 43.Ne7+ Kg7 44.Nc6 Nxc6 45.dxc6 Rh6 46.Rxa6 Rh8 47.Ra7 Kf6 48.
Nf2 Rc8 49.Nd1 Rxc6 50.Nc3 Rc8 51.a4 g4 52.fxg4 hxg4 53.a5 Rb8 54.Nb5 Ng5 
55.a6 Rh8 56.Rc7 Nf3 57.Kf2 Nd2 58.a7 Nxe4+ 59.Kg2 Nd2 60.Nxd6 Ra8 61.Rb7 
e4 62.Nb5 1-0

[Event "European zonal D"]
[Site "Pula CRO"]
[Date "1975.11.04"]
[Round "10"]
[White "Bellon Lopez, Juan Manuel"]
[Black "Urzica, Aurel"]
[Result "0-1"]
[WhiteElo "2415"]
[BlackElo "2250"]
[EventDate "1975.10.22"]
[PlyCount "57"]

1.b3 e5 2.Bb2 Nc6 3.e3 Nf6 4.Bb5 Bd6 5.a4 O-O 6.Na3 e4 7.f4 a6 8.Be2 Bc5 
9.Nh3 d5 10.Nf2 Ba7 11.O-O Be6 12.Kh1 Qe7 13.g4 d4 14.f5 Bd7 15.g5 Nd5 16.
Bc4 Ncb4 17.Qg4 Rae8 18.Qf4 Bxf5 19.Ng4 Bxg4 20.Qxg4 dxe3 21.c3 Nd3 22.
Bxd5 c6 23.Bc4 Nxb2 24.dxe3 Bxe3 25.h4 Ba7 26.Be2 Nd3 27.Qg2 Bb8 28.Bxd3 
exd3 29.Rad1 0-1

[Event "European zonal D"]
[Site "Pula CRO"]
[Date "1975.11.04"]
[Round "10"]
[White "Csom, Istvan"]
[Black "Barle, Janez"]
[Result "1-0"]
[WhiteElo "2530"]
[BlackElo "2330"]
[EventDate "1975.10.22"]
[PlyCount "121"]

1.Nf3 Nf6 2.g3 g6 3.Bg2 Bg7 4.d4 c5 5.c4 O-O 6.O-O d6 7.Nc3 Nc6 8.d5 Na5 
9.Nd2 e5 10.b3 Ne8 11.Bb2 f5 12.f4 e4 13.e3 Nf6 14.Qc2 Bd7 15.Nd1 b5 16.
Nf2 Rb8 17.Bc3 Qc7 18.Rfc1 Rb7 19.Bf1 bxc4 20.bxc4 Rfb8 21.Rab1 Ne8 22.
Rxb7 Rxb7 23.Bxg7 Nxg7 24.Qc3 Rb8 25.Bh3 Bc8 26.g4 Nb7 27.gxf5 gxf5 28.Kh1
Qf7 29.Qb2 Ra8 30.Rg1 Nd8 31.Nf1 Kf8 32.Ng3 a6 33.a3 Ne8 34.Rb1 Qg7 35.
Bxf5 Bxf5 36.Nxf5 Qg6 37.Ng3 Nf6 38.Qb6 Nf7 39.Qb7 Re8 40.Qxa6 Ng4 41.Nxg4
Qxg4 42.Nf1 Qf3+ 43.Kg1 Qg4+ 44.Kf2 Kg8 45.Qa4 Rf8 46.Qd1 Qg6 47.Ke1 Qf6 
48.Kd2 Qd8 49.Rb3 Qa5+ 50.Kc1 Qa4 51.Nd2 Nh6 52.Qh1 Re8 53.Qg2+ Kh8 54.Qg5
Nf7 55.Qf6+ Kg8 56.Qf5 Qa5 57.Kc2 Qa4 58.Kb2 Re7 59.Rb8+ Kg7 60.Qg4+ Kf6 
61.Qh4+ 1-0

[Event "European zonal D"]
[Site "Pula CRO"]
[Date "1975.11.04"]
[Round "10"]
[White "Padevsky, Nikola"]
[Black "Borngasser, Rene"]
[Result "1-0"]
[WhiteElo "2480"]
[BlackElo "2365"]
[EventDate "1975.10.22"]
[PlyCount "87"]

1.c4 f5 2.Nf3 Nf6 3.g3 g6 4.Bg2 Bg7 5.O-O O-O 6.Nc3 d6 7.d4 c6 8.d5 e5 9.
dxe6 Bxe6 10.Qd3 Na6 11.Ng5 Qd7 12.Bf4 Rad8 13.Rad1 Ne8 14.b3 Nc5 15.Qd2 
a5 16.Rfe1 Bf6 17.e4 Qg7 18.Na4 Bc8 19.Qxa5 Nxa4 20.bxa4 h6 21.Nf3 fxe4 
22.Rxe4 g5 23.Be3 Nc7 24.Bb6 Bc3 25.Qa7 Rde8 26.Rxe8 Nxe8 27.Bd4 Bxd4 28.
Qxd4 Qxd4 29.Nxd4 Nc7 30.Nc2 Rf6 31.Nb4 Kf8 32.a5 Ke7 33.a6 Nxa6 34.Nxa6 
bxa6 35.Bxc6 Re6 36.Bf3 Re5 37.Kg2 Be6 38.Bd5 Bf5 39.Kf3 Kd7 40.Rd2 Re1 
41.Rb2 Rb1 42.Rxb1 Bxb1 43.a3 Bf5 44.Ke3 1-0

[Event "European zonal D"]
[Site "Pula CRO"]
[Date "1975.11.04"]
[Round "10"]
[White "Stull, Norbert"]
[Black "Schmidt, Wlodzimierz"]
[Result "0-1"]
[WhiteElo "2260"]
[BlackElo "2465"]
[EventDate "1975.10.22"]
[PlyCount "60"]

1.e4 c5 2.Nf3 e6 3.Nc3 Nc6 4.Bb5 Nd4 5.Bd3 Ne7 6.O-O a6 7.Nxd4 cxd4 8.Ne2 
Nc6 9.c3 Bc5 10.b4 Ba7 11.Bc2 d6 12.Bb2 dxc3 13.dxc3 O-O 14.a3 Ne5 15.Nd4 
Bd7 16.Bb3 Rc8 17.Re1 Nc4 18.Bxc4 Rxc4 19.a4 Bxd4 20.cxd4 Rxb4 21.Ba3 Bxa4
22.Qd2 Rc4 23.e5 Qh4 24.Bxd6 Rfc8 25.Bc5 Bc6 26.Ra3 Qd8 27.Rh3 Rxc5 28.Qd3
Qg5 29.Qxh7+ Kf8 30.Rg3 Rc1 0-1

[Event "European zonal D"]
[Site "Pula CRO"]
[Date "1975.11.05"]
[Round "11"]
[White "Barle, Janez"]
[Black "Augustin, Josef"]
[Result "1/2-1/2"]
[WhiteElo "2330"]
[BlackElo "2370"]
[EventDate "1975.10.22"]
[PlyCount "50"]

1.e4 e6 2.d4 d5 3.Nd2 Nf6 4.e5 Nfd7 5.f4 c5 6.c3 Nc6 7.Ndf3 Qa5 8.Be3 cxd4
9.Nxd4 Nxd4 10.Bxd4 Nb8 11.Nf3 Bd7 12.Bd3 Bb5 13.O-O Bxd3 14.Qxd3 Qa6 15.
Qd2 g6 16.Rae1 Nc6 17.f5 gxf5 18.Qg5 Be7 19.Qg7 Kd7 20.Qxf7 h5 21.Bc5 Raf8
22.Qg7 Rhg8 23.Qh7 Rh8 24.Qg7 Rhg8 25.Qh7 Rh8 1/2-1/2

[Event "European zonal D"]
[Site "Pula CRO"]
[Date "1975.11.05"]
[Round "11"]
[White "Borngasser, Rene"]
[Black "Stull, Norbert"]
[Result "1-0"]
[WhiteElo "2365"]
[BlackElo "2260"]
[EventDate "1975.10.22"]
[PlyCount "93"]

1.e4 Nf6 2.e5 Nd5 3.Nc3 e6 4.Nxd5 exd5 5.Qf3 c6 6.Qg3 d6 7.d4 dxe5 8.dxe5 
Bf5 9.c3 Nd7 10.Nf3 Nc5 11.Nd4 Bd7 12.Be2 Ne4 13.Qd3 Be7 14.f3 Nc5 15.Qe3 
Qb6 16.O-O O-O 17.Kh1 f5 18.f4 Ne4 19.e6 Bc8 20.g4 Bc5 21.gxf5 Rxf5 22.e7 
Be6 23.Bg4 Rf6 24.f5 Re8 25.Qh3 Bf7 26.Be3 Rxe7 27.b4 Bd6 28.Rae1 c5 29.
Nf3 Qc6 30.bxc5 Bxc5 31.Nd4 Bxd4 32.Bxd4 Rh6 33.Qg2 Qd6 34.Bf3 Nf6 35.Rxe7
Qxe7 36.Qg3 g6 37.Re1 Ne4 38.Qb8+ Be8 39.Qf4 g5 40.Rg1 Ra6 41.f6 Nxf6 42.
Rxg5+ Bg6 43.h4 Kf8 44.Re5 Qd6 45.h5 Be4 46.Bxe4 dxe4 47.Bc5 1-0

[Event "European zonal D"]
[Site "Pula CRO"]
[Date "1975.11.05"]
[Round "11"]
[White "Hazai, Laszlo"]
[Black "Bellon Lopez, Juan Manuel"]
[Result "1/2-1/2"]
[WhiteElo "2420"]
[BlackElo "2415"]
[EventDate "1975.10.22"]
[PlyCount "81"]

1.e4 c5 2.d3 Nc6 3.g3 d6 4.Bg2 a6 5.f4 g6 6.Nf3 Bg7 7.O-O e6 8.Nc3 Nge7 9.
Rb1 b5 10.a3 Rb8 11.Bd2 O-O 12.b4 Qb6 13.Kh1 Bb7 14.Qe1 Rbc8 15.Ne2 Nd4 
16.Nexd4 cxd4 17.Rc1 Rc6 18.g4 Rfc8 19.Qh4 f6 20.Ne1 e5 21.f5 g5 22.Qf2 d5
23.exd5 Rd6 24.c4 dxc3 25.Be3 Qd8 26.Bc5 Rd7 27.d6 Nc6 28.Rxc3 Bf8 29.Bb6 
Qe8 30.Nf3 Bxd6 31.Rfc1 Ne7 32.Rxc8 Nxc8 33.Nd2 Bxg2+ 34.Kxg2 Be7 35.Ne4 
Nd6 36.Nc5 Qc8 37.Rc2 Qc6+ 38.Qf3 e4 39.dxe4 Nf7 40.Nxd7 Qxc2+ 41.Bf2 
1/2-1/2

[Event "European zonal D"]
[Site "Pula CRO"]
[Date "1975.11.05"]
[Round "11"]
[White "Hug, Werner"]
[Black "Padevsky, Nikola"]
[Result "1/2-1/2"]
[WhiteElo "2420"]
[BlackElo "2480"]
[EventDate "1975.10.22"]
[PlyCount "37"]

1.e4 c5 2.Nf3 e6 3.Nc3 Nc6 4.Bb5 Nge7 5.O-O a6 6.Bxc6 Nxc6 7.d4 cxd4 8.
Nxd4 d6 9.Nxc6 bxc6 10.Qh5 g6 11.Qh3 Bg7 12.Bh6 O-O 13.Bxg7 Kxg7 14.Rad1 
d5 15.Qe3 Qa5 16.Qd4+ f6 17.b4 Qc7 18.Qc5 Rf7 19.Na4 1/2-1/2

[Event "European zonal D"]
[Site "Pula CRO"]
[Date "1975.11.06"]
[Round "12"]
[White "Augustin, Josef"]
[Black "Pritchett, Craig William"]
[Result "1/2-1/2"]
[WhiteElo "2370"]
[BlackElo "2390"]
[EventDate "1975.10.22"]
[PlyCount "214"]

1.Nf3 c5 2.c3 e6 3.d4 Nf6 4.Bf4 b6 5.e3 Be7 6.h3 O-O 7.Bd3 Bb7 8.Nbd2 Nc6 
9.O-O Rc8 10.a3 d6 11.Qe2 Qc7 12.Bh2 Rfe8 13.Rfe1 Bf8 14.e4 cxd4 15.cxd4 
e5 16.Rac1 Nxd4 17.Nxd4 Qxc1 18.Rxc1 Rxc1+ 19.Nf1 exd4 20.f3 Nd7 21.Bb5 
Rd8 22.Qd2 Rcc8 23.b4 a5 24.Qxd4 axb4 25.axb4 d5 26.exd5 Nf6 27.d6 Nd5 28.
d7 Ra8 29.Bg3 Bxb4 30.Kh2 Bc5 31.Qc4 Nf6 32.Bc7 Rxd7 33.Bxd7 Nxd7 34.Ng3 
Rc8 35.Qf4 Nf8 36.Be5 Ng6 37.Qf5 Nxe5 38.Qxe5 g6 39.h4 h5 40.Ne4 Bxe4 41.
Qxe4 Bd6+ 42.Kh3 Rc5 43.Qd3 Bf8 44.Qb3 b5 45.Qb4 Rf5 46.Qd4 b4 47.Qb6 Rd5 
48.Qb7 Rd3 49.Qb5 Rc3 50.Qe5 Ra3 51.Qd4 Ra5 52.Qb2 Rb5 53.Qe2 Rc5 54.Qe3 
Rc3 55.Qe5 Rc1 56.g4 Rc3 57.Kg2 Rc2+ 58.Kh3 Rc3 59.Kg2 hxg4 60.fxg4 Rc5 
61.Qb8 Rd5 62.Kf3 Rd3+ 63.Kg2 Rd2+ 64.Kf3 Rd3+ 65.Kg2 b3 66.h5 Rd4 67.h6 
b2 68.Qxb2 Rxg4+ 69.Kf3 Rh4 70.h7+ Rxh7 71.Qb8 Rh5 72.Kg4 Rc5 73.Qa8 Rc4+ 
74.Kf3 Rc3+ 75.Kg4 Re3 76.Kf4 Re6 77.Kg4 Re1 78.Qc8 Re4+ 79.Kg5 Rd4 80.Qe8
Rd5+ 81.Kg4 Rd6 82.Qb8 Rd4+ 83.Kg5 Re4 84.Qc8 Re5+ 85.Kg4 Rf5 86.Qb8 Kg7 
87.Qb2+ Kh7 88.Qh2+ Bh6 89.Qc7 Bf4 90.Qb7 Be5 91.Qh1+ Kg7 92.Qb7 Rf4+ 93.
Kh3 Rd4 94.Qe7 Bf6 95.Qc7 Re4 96.Qb7 Re3+ 97.Kg2 Re6 98.Kf3 Be7 99.Qd7 Re5
100.Qd4 f6 101.Qb2 Bf8 102.Qb8 Re7 103.Qc8 Rf7 104.Qc3 Bd6 105.Qc6 Be7 
106.Qc3 g5 107.Kg4 Bd6 1/2-1/2

[Event "European zonal D"]
[Site "Pula CRO"]
[Date "1975.11.06"]
[Round "12"]
[White "Bellon Lopez, Juan Manuel"]
[Black "Schmidt, Wlodzimierz"]
[Result "1/2-1/2"]
[WhiteElo "2415"]
[BlackElo "2465"]
[EventDate "1975.10.22"]
[PlyCount "81"]

1.e4 Nf6 2.Nc3 d5 3.e5 Ne4 4.Nce2 d4 5.c3 Nc6 6.cxd4 Ng5 7.h4 Ne6 8.Nf3 
Nexd4 9.Nexd4 Nxd4 10.Qa4+ Nc6 11.Bb5 Bd7 12.e6 Bxe6 13.Ne5 Bd7 14.Nxc6 
bxc6 15.Bxc6 e6 16.b3 a5 17.Qb5 Bd6 18.Bb2 f6 19.h5 Bxc6 20.Qxc6+ Kf7 21.
Qc2 Qd7 22.Rh3 Qb5 23.a4 Qd5 24.Kf1 Rab8 25.Rc1 e5 26.Re1 Rb6 27.Ree3 Rc6 
28.Rc3 Rxc3 29.dxc3 e4 30.c4 Qe6 31.Bc3 Bb4 32.Bxb4 axb4 33.Re3 Re8 34.f3 
f5 35.fxe4 fxe4 36.Qd2 c5 37.Rg3 e3 38.Rf3+ Kg8 39.Qd5 Qxd5 40.cxd5 c4 41.
Ke2 1/2-1/2

[Event "European zonal D"]
[Site "Pula CRO"]
[Date "1975.11.06"]
[Round "12"]
[White "Bukic, Enver"]
[Black "Barle, Janez"]
[Result "1-0"]
[WhiteElo "2455"]
[BlackElo "2330"]
[EventDate "1975.10.22"]
[PlyCount "73"]

1.Nf3 Nf6 2.c4 g6 3.Nc3 d5 4.cxd5 Nxd5 5.Qa4+ Bd7 6.Qb3 Nb6 7.d4 Bg7 8.Bg5
O-O 9.Rd1 Nc6 10.e3 Bg4 11.Be2 Qe8 12.h3 Bxf3 13.Bxf3 e5 14.dxe5 Nxe5 15.
Be2 Qe6 16.Qxe6 fxe6 17.Nb5 Nec4 18.b3 Nb2 19.Rb1 Nd5 20.O-O c5 21.Bg4 Nc3
22.Bxe6+ Kh8 23.Nxc3 Bxc3 24.Rbc1 Bg7 25.Rxc5 h6 26.Be7 Rfe8 27.Rc7 Nd3 
28.Rxb7 a5 29.Bf7 Rec8 30.Bxg6 Ne5 31.Bf5 Rc3 32.Rd1 Nc6 33.Ba3 Ne5 34.
Rxg7 Kxg7 35.Bb2 Rc5 36.f4 Kf6 37.Be4 1-0

[Event "European zonal D"]
[Site "Pula CRO"]
[Date "1975.11.06"]
[Round "12"]
[White "Knaak, Rainer"]
[Black "Borngasser, Rene"]
[Result "1-0"]
[WhiteElo "2510"]
[BlackElo "2365"]
[EventDate "1975.10.22"]
[PlyCount "49"]

1.d4 Nf6 2.c4 e6 3.Nc3 Bb4 4.Qc2 c5 5.dxc5 Na6 6.a3 Bxc3+ 7.Qxc3 Nxc5 8.b4
Na4 9.Qc2 b5 10.cxb5 Nb6 11.e3 Bb7 12.Nf3 Rc8 13.Qd1 Ne4 14.Bb2 O-O 15.Bd3
Nc4 16.Bd4 e5 17.Bxc4 Rxc4 18.Nxe5 Nxf2 19.Kxf2 Qh4+ 20.Ke2 Rc7 21.Nf3 Qe4
22.Bc5 Qg4 23.Kf2 Bxf3 24.Qxf3 Qh4+ 25.g3 1-0

[Event "European zonal D"]
[Site "Pula CRO"]
[Date "1975.11.09"]
[Round "13"]
[White "Borngasser, Rene"]
[Black "Bellon Lopez, Juan Manuel"]
[Result "0-1"]
[WhiteElo "2365"]
[BlackElo "2415"]
[EventDate "1975.10.22"]
[PlyCount "78"]

1.e4 c5 2.Nc3 Nc6 3.g3 g6 4.Bg2 Bg7 5.d3 d6 6.Be3 e6 7.Nh3 Qd7 8.Qd2 b6 9.
O-O Bb7 10.Rae1 Nd4 11.Nd1 Ne7 12.c3 Ndc6 13.a3 O-O-O 14.Nf4 Ne5 15.d4 Nc4
16.Qc2 e5 17.Ne2 f5 18.f3 Nxe3 19.Nxe3 fxe4 20.fxe4 Bh6 21.Qd3 Kb8 22.Rf7 
Bxe3+ 23.Qxe3 Nf5 24.Rxd7 Nxe3 25.Rxd8+ Rxd8 26.d5 Ba6 27.Nc1 Nc2 28.Rd1 
Rf8 29.Nd3 Ne3 30.Rd2 Bxd3 31.Rxd3 Nc4 32.Bf1 Nxb2 33.Rd2 Na4 34.Rc2 Rf3 
35.Kg2 Rxc3 36.Rf2 c4 37.Rf8+ Kb7 38.Rf7+ Ka6 39.Rxh7 Nc5 0-1